A bid to improve (Record no. 81999)

MARC details
000 -LEADER
fixed length control field 00767cab a22002055a 4500
001 - CONTROL NUMBER
control field L148901
008 - FIXED-LENGTH DATA ELEMENTS--GENERAL INFORMATION
fixed length control field 091123e20091003xxka f s 000 0 eng d
035 ## - SYSTEM CONTROL NUMBER
System control number (Sirsi) u148901
041 0# - LANGUAGE CODE
Language code of text/sound track or separate title eng
100 1# - MAIN ENTRY--PERSONAL NAME
Personal name Auterac, Richard
245 02 - TITLE STATEMENT
Title A bid to improve
260 ## - PUBLICATION, DISTRIBUTION, ETC.
Date of publication, distribution, etc. 2009
490 ## - SERIES STATEMENT
Series statement Estates Gazette
Volume/sequential designation (0939) 03 October 2009, 105(1)
520 ## - SUMMARY, ETC.
Summary, etc. Presents the third edition of Common Auction Conditions published by the RICS. Explains that it improves the process of buying or selling a property at auctions, takes into account comments received during the consultation and includes recent developments in property law.
590 ## - LOCAL NOTE (RLIN)
Local note KA
651 #4 - SUBJECT ADDED ENTRY--GEOGRAPHIC NAME
Geographic name England and Wales
Chronological subdivision 1543-
690 ## - LOCAL SUBJECT ADDED ENTRY--TOPICAL TERM (OCLC, RLIN)
Topical term or geographic name as entry element Auctioneering
9 (RLIN) 6218
700 1# - ADDED ENTRY--PERSONAL NAME
Personal name Redman, Nicholas
942 ## - ADDED ENTRY ELEMENTS (KOHA)
Suppress in OPAC 0
Holdings
Withdrawn status Lost status Source of classification or shelving scheme Damaged status Not for loan Home library Current library Shelving location Date acquired Total Checkouts Full call number Barcode Date last seen Copy number Price effective from Koha item type
    Dewey Decimal Classification     London London Journal article 25/11/2009   L148901 148901-1001 06/08/2019 1 06/08/2019 Journal article